Najgorsze państwa na Konkursie Piosenki Eurowizji - Statystyki

Ogólne statystyki
  • Ten quiz został rozwiązany 93 razy
    33 od ostatniego zresetowania
  • Średni wynik to 7 z 9
Statystyki odpowiedzi
Najwyższy wynik Ilość udziałów w finale Kraj % Poprawnych
13. miejsce w finale 2015 2 razy Czarnogóra
92%
7. miejsce w finale 2019 9 razy Macedonia Północna
88%
19. miejsce w finale 2019 4 razy San Marino
88%
18. miejsce w finale 1996 3 razy Słowacja
88%
6. miejsce w finale 2018 6 razy Czechy
85%
12. miejsce w półfinale 2007 0 razy Andora
77%
6. miejsce w finale 2007 6 razy Białoruś
73%
10. miejsce w finale 2010 i 2011 8 razy Gruzja
73%
18. miejsce w finale 1980 1 raz Maroko
54%
Nie znaleziono quizów pasujących do podanych kryteriów
Rozkład punktacji
Procent ludzi z każdym wynikiem
Percentyl według liczby udzielonych odpowiedzi
Twoja historia wyników
Nie rozwiązałeś tego quizu od ostatniego zresetowania